000 00326nam a2200169Ia 4500
100 _aEdwards/Lewin A.R.W
650 _aEmbedded
942 _cBK
366 _f20
654 _aembedded
245 _aSo
260 _bNewnes
_c2006
082 _a3.3
_bEDW
300 _a248
546 _aENGLISH
_cComputers
999 _c29201
_d29201